| 000 | 00991nam a2200301Ia 4500 | ||
|---|---|---|---|
| 005 | 20220317001445.0 | ||
| 008 | 161108s2009 sp a g 000 j s | ||
| 020 | _a9788449439599 | ||
| 100 | 1 | _aYeoman, John | |
| 245 | 1 | 4 |
_aLas lavanderas locas _cJohn Yeoman y Quentín Blake |
| 250 | _a1a. edición | ||
| 300 |
_a[30] páginas _bilustraciones en color _c24 cm |
||
| 534 | _bthe wild washerwomen | ||
| 650 | 1 | 4 |
_2LEMB _aCuentos infantiles ingleses |
| 650 | 1 | 4 |
_2LEMB _aLiteratura infantil inglesa |
| 650 | 1 | 4 |
_2LEMB _aMujeres en la literatura |
| 650 | 1 | 4 |
_2LEMB _aLimpieza en la literatura |
| 650 | 1 | 4 |
_2LEMB _aLavandería en la literatura |
| 700 | 1 |
_aBlake, Quentin _d1932- _eilustrador _911077 |
|
| 700 | 1 |
_aKunas _973480 |
|
| 942 |
_2loc _cBKLIT |
||
| 264 |
_aBarcelona _bOcéano Travesía _c2009 |
||
| 336 |
_atexto _btxt _2rdacontent |
||
| 337 |
_asin mediación _bn _2rdamedia |
||
| 338 |
_avolumen _bnc _2rdacarrier |
||
| 040 |
_aCO-BoRNBP _bspa _erda _cCO-BoRNBP |
||
| 084 | _aC YEO1 | ||
| 999 |
_c7040 _d7040 |
||